[Event "Guernsey Holiday op 39th"]
[Site "Guernsey"]
[Date "2013.10.21"]
[Round "2"]
[White "Day, Fred G"]
[Black "Le Messurier, Rosemary"]
[Result "1/2-1/2"]
[WhiteElo "1512"]
[BlackElo "1210"]
[PlyCount "72"]
[EventDate "2013.10.20"]
[EventType "swiss"]
[EventRounds "7"]
[EventCountry "GCI"]
[SourceTitle "EXT 2022"]
[Source "ChessBase"]
[SourceDate "2021.10.06"]
[SourceVersion "1"]
[SourceVersionDate "2021.10.06"]
[SourceQuality "1"]

1. c4 e5 2. Nc3 Nc6 3. g3 g6 4. Bg2 Nge7 5. d3 b6 6. e4 Bb7 7. Nge2 Bg7 8. 0-0 a5 9. a3 0-0 10. b3 f5 11. exf5 Nxf5 12. Ra2 Nd6 13. Nd5 Nd4 14. Nxd4 exd4 15. Ne7+ Qxe7 16. Re2 Be5 17. Bxb7 Nxb7 18. f4 d6 19. Rfe1 Rf5 20. fxe5 dxe5 21. Re4 c5 22. Qe2 Qf6 23. Qg2 Rf8 24. R4e2 Nd6 25. Bh6 Rf7 26. Qa8+ Rf8 27. Bxf8 Qxf8 28. Qd5+ Kg7 29. Qg2 Qf6 30. Rf2 h5 31. Ref1 Qg5 32. Rf3 Rxf3 33. Rxf3 Nf5 34. h4 Qg4 35. Kh2 Ne3 36. Qf2 Nf5 1/2-1/2

[Event "Guernsey Holiday op"]
[Site "Guernsey"]
[Date "2008.10.25"]
[Round "7"]
[White "Collins, Alan"]
[Black "Le Messurier, Rosemary"]
[Result "1/2-1/2"]
[WhiteElo "1464"]
[BlackElo "1210"]
[PlyCount "51"]
[EventDate "2008.10.19"]
[EventType "swiss"]
[EventRounds "7"]
[EventCountry "GCI"]
[SourceTitle "EXT 2011"]
[Source "ChessBase"]
[SourceDate "2010.11.26"]
[SourceVersion "1"]
[SourceVersionDate "2010.11.26"]
[SourceQuality "1"]

1. d4 Nf6 2. c4 d6 3. Nc3 c6 4. e4 e5 5. Bg5 h6 6. Bh4 Be7 7. Bg3 Qa5 8. f3 Nbd7 9. Nge2 b5 10. cxb5 cxb5 11. a3 a6 12. b4 Qb6 13. Bf2 Qb7 14. Nc1 Nb6 15. Nb3 Qb8 16. Na5 Bd7 17. d5 0-0 18. Rc1 Rc8 19. Be2 Nc4 20. Nxc4 bxc4 21. 0-0 Ne8 22. Rb1 f5 23. g4 f4 24. h4 g5 25. h5 Qb7 26. Qc2 1/2-1/2

[Event "Guernsey Holiday op"]
[Site "Guernsey"]
[Date "2008.10.20"]
[Round "2"]
[White "Nalichowski, Bogdan"]
[Black "Le Messurier, Rosemary"]
[Result "1/2-1/2"]
[WhiteElo "1537"]
[BlackElo "1210"]
[PlyCount "67"]
[EventDate "2008.10.19"]
[EventType "swiss"]
[EventRounds "7"]
[EventCountry "GCI"]
[SourceTitle "EXT 2011"]
[Source "ChessBase"]
[SourceDate "2010.11.26"]
[SourceVersion "1"]
[SourceVersionDate "2010.11.26"]
[SourceQuality "1"]

1. e4 e5 2. f4 Nf6 3. Bc4 d5 4. exd5 exf4 5. Nc3 Bd6 6. Nf3 c6 7. dxc6 Nxc6 8. 0-0 h6 9. a3 Ne5 10. Nxe5 Bxe5 11. d4 Qxd4+ 12. Qxd4 Bxd4+ 13. Kh1 Bxc3 14. bxc3 0-0 15. Bxf4 Be6 16. Bb3 Rac8 17. Rf3 g5 18. Be3 Rxc3 19. Bxa7 Rxf3 20. gxf3 Rd8 21. Re1 Bd5 22. Kg2 Bxb3 23. cxb3 Rd3 24. Rb1 b5 25. a4 bxa4 26. bxa4 Ra3 27. Rb4 Ra2+ 28. Kh1 Nd5 29. Rd4 Nf4 30. h4 Kg7 31. Bb6 Kg6 32. a5 Ra1+ 33. Kh2 Ra2+ 34. Kh1 1/2-1/2